000 01393nam0a22002291 4500
001 rc\4762476
005 20250613065614.0
035 _a(NLR Aleph) 008997320
090 _a9284800
_c9284800
100 _a20130417d1962 |||y0rusy50 ca
101 0 _arus
102 _aRU
105 _ay z |||||
200 1 _aТезисы докладов
_fЛенингр. ордена Ленина ин-т инженеров ж.-д. транспорта им. акад. В.Н. Образцова. Межвузовская науч.-техн. конференция по применению управляющих вычислит. машин и счетно-решающих устройств для автоматизации эксплуатационной работы на ж.-д. транспорте (5-8 февр. 1962 г.)
210 _aЛенинград
_cБ. и.
_d1962
215 _a28 с.
_d22
710 1 2 _aМежвузовская научно-техническая конференция по применению управляющих вычислительных машин и счетно-решающих устройств для автоматизации эксплуатационной работы на ж.-д. транспорте (1962; Ленинград)
801 0 _aRU
_bNLR
_gpsbo
801 1 _aRU
_bELAR
_2rusmarc
852 _aNLR
_j62-6/3416
942 _cBOOK
980 _aNB